İz bırakan mülki idare amirleri/ (Record no. 39689)
| 000 -BAŞLIK | |
|---|---|
| Sabit Uzunluktaki Kontrol Alanı | 01267nam a22003497a 4500 |
| 001 - KONTROL NUMARASI | |
| Control Dosyası | 0039811 |
| 003 - KONTROL NUMARASI KİMLİĞİ | |
| Kontrol Alanı | KOHA_MİRAKIL |
| 005 - EN SON İŞLEM TARİHİ ve ZAMANI | |
| Kontrol Alanı | 20260207003141.0 |
| 007 - FİZİKSEL TANIM SABİT ALAN - GENEL BİLGİ | |
| Sabit uzunluklu kontrol alanı | ta |
| 008 - SABİT UZUNLUKTAKİ VERİ ÖGELERİ - GENEL BİLGİ | |
| Sabit Alan | 130403b1990 tu |||gr||||#||||0|tur | |
| 020 ## - ISBN - ULUSLARARASI STANDART KİTAP NUMARASI | |
| Isbn | 9757565083 |
| Nitelik bilgileri | (v. 1) |
| 020 ## - ISBN - ULUSLARARASI STANDART KİTAP NUMARASI | |
| Isbn | |
| 040 ## - KATALOGLAMA KAYNAĞI | |
| Özgün Kataloglama Kurumu | TR-BiSEU |
| Kataloglama Dili | tur |
| Çeviri Kurumu | TR-BiSEU |
| Açıklama Kuralları | rda |
| 041 0# - DİL KODU | |
| Metin ya da ses kaydının dil kodu | tur |
| 044 ## - YAYINLAYAN/ÜRETEN KURULUŞUN ÜLKE KODU | |
| ISO country code | tu |
| 050 ## - SINIFLAMA ve YER NUMARASI | |
| Sınıflama Numarası | JX1826 |
| Yer Numarası | .A42 1990 |
| 100 1# - KİŞİ ADI | |
| Yazar Adı (Kişi adı) | Aldan, Mehmet. |
| 245 1# - ESER ADI BİLDİRİMİ | |
| Başlık | İz bırakan mülki idare amirleri/ |
| Sorumluluk Bildirimi | Mehmet Aldan ; Mehmet Aldan. |
| 250 ## - BASIM BİLDİRİMİ | |
| Basım Bildirimi | 1. baskı. |
| 264 #1 - ÜRERİM, YAYIN, DAĞITIM ve TELİF BİLDİRİMİ | |
| Yayın yeri | Ankara : |
| Yayınlayan | T.C. İçişleri Bakanlığı |
| Yayın tarihi | 1990 |
| 300 ## - FİZİKSEL TANIMLAMA | |
| Sayfa, Cilt vb. | 560 sayfa |
| 336 ## - İÇERİK TÜRÜ | |
| Content type term | metin |
| Content type code | txt |
| Source | rdacontent |
| 337 ## - MEDYA TÜRÜ | |
| Media type term | aracısız |
| Media type code | n |
| Source | rdamedia |
| 338 ## - TAŞIYICI TÜRÜ | |
| Carrier type term | cilt |
| Carrier type code | nc |
| Source | rdacarrier |
| 490 1# - DİZİ BİLDİRİMİ | |
| Dizi Bildirimi | Yayın / T.C. |
| 490 1# - DİZİ BİLDİRİMİ | |
| Dizi Bildirimi | İçişleri Bakanlığı ; |
| Cilt Numarası | genel 438, <459 > ; |
| -- | Yayın / Araştırma, Planlama ve Koordinasyon Kurulu Başkanlığı ; |
| -- | APK 27, <34-41 > ; |
| -- | |
| 500 ## - GENEL NOT | |
| Genel Not | Includes bibliographical references. |
| 650 #0 - KONU BAŞLIĞI EK GİRİŞ - KONU TERİMİ | |
| Konusal terim veya coğrafi ad | Turkey--Officials and employees--Biography. |
| 9 (RLIN) | 55524 |
| 830 1# - SERİ EK GİRİŞİ - TEKBİÇİM ESER ADI | |
| Tekbiçim Başlık | Yayın / T.C. |
| 9 (RLIN) | 73917 |
| 830 1# - SERİ EK GİRİŞİ - TEKBİÇİM ESER ADI | |
| Tekbiçim Başlık | İçişleri Bakanlığı ; |
| Volume number/sequential designation | genel 438, <459 > ; |
| -- | Yayın / Araştırma, Planlama ve Koordinasyon Kurulu Başkanlığı ; |
| -- | APK 27, <34-41 > ; |
| -- | |
| 9 (RLIN) | 35441 |
| 942 ## - EK GİRİŞ ÖGELERİ (KOHA) | |
| Source of classification or shelving scheme | Library of Congress Classification |
| Koha item type | Book |
| Materyal Türü | Kalıcı Konum | Mevcut Konum | Raf Yeri | Sınıflandırma Kaynağı | Edinim Bilgisi | Ana Konular | Alt Konular | Yer Numarası | Demirbaş Numarası | Fatura Tarihi | Geri Çekilme Durumu | Kayıp Durumu | Hasarlı Durumu | Kredi için değil | Kayıt Tarih | Toplam Ödünçverme | Son Görülme Tarihi | Son Kontrol Tarihi | Genel / Bağış Notu |
|---|---|---|---|---|---|---|---|---|---|---|---|---|---|---|---|---|---|---|---|
| Book | Prof. Dr. Azmi Özcan Kütüphanesi | Prof. Dr. Azmi Özcan Kütüphanesi | Uluğbey Salonu | Library of Congress Classification | Bağış | SİYASET BİLİMİ | Uluslararası Hukuk (Eski/Kullanım dışı) | JX1826 .A42 1990 | 0039811 | 02/02/2026 | 03/04/2013 | 05/12/2024 | 05/12/2024 | Genel Bağış |
